[Event "AUTO-ELITE-2519"]
[Site "http://www.queenalice.com/game.php?id=1829881"]
[Date "2024.1.22"]
[Round "1"]
[White "DIVYA99"]
[Black "acid"]
[Result "1/2-1/2"]
[WhiteElo "2473"]
[BlackElo "2725"]

1. e4 e5 2. Nf3 Nc6 3. Bb5 a6 4. Ba4 Nf6 5. O-O b5 6. Bb3 Bb7 7. Re1 Bc5 8. c3
d6 9. a4 O-O 10. d4 Bb6 11. Bg5 h6 12. Bh4 b4 13. d5 Na5 14. cxb4 Nxb3 15. Qxb3
g5 16. Bg3 Ba7 17. Nc3 Nh5 18. b5 Ng7 19. a5 f6 20. h3 h5 21. Qd1 Rb8 22. b4 Bc8
23. Qd2 Qe8 24. Kh1 Qg6 25. Rac1 Rf7 26. h4 g4 27. Nh2 Bd4 28. Nf1 Bxc3 29. Rxc3
Rxb5 30. Rc4 Rb7 31. Qc1 Ne8 32. Qb2 Bd7 33. Nd2 Rf8 34. Nb1 Bb5 35. Rcc1 Bd3
1/2-1/2

[Event "AUTO-ELITE-2519"]
[Site "http://www.queenalice.com/game.php?id=1829886"]
[Date "2024.1.22"]
[Round "1"]
[White "DIVYA99"]
[Black "Sexxy_Bunny"]
[Result "1-0"]
[WhiteElo "2498"]
[BlackElo "2684"]

1. e4 c5 2. Nf3 d6 3. d4 cxd4 4. Nxd4 Nf6 5. Nc3 a6 6. h3 e5 7. Nb3 Be6 8. Be3
Be7 9. f4 exf4 10. Bxf4 O-O 11. Qf3 Nbd7 12. O-O-O Rc8 13. g4 h6 14. Kb1 Re8 15.
Be2 b5 16. Rhf1 Qc7 17. Nd4 Ne5 18. Qg2 Nh7 19. Nd5 Bxd5 20. exd5 Bf6 21. c3 Ng6
22. Bc1 Qc5 23. a3 Bxd4 24. Rxd4 Qa7 25. Qf2 Qe7 26. Bd1 Rc4 27. Rxc4 bxc4 28.
Qb6 Ne5 29. Qxa6 Nf6 30. Bc2 Rb8 31. Ka1 Qd8 32. Be3 Nxd5 33. Bg1 Nc7 34. Qa5
Ra8 35. Qb6 Rb8 36. Qd4 Qd7 37. Bh2 Qb5 38. Rb1 Rd8 39. Be4 Ne6 40. Qd5 Qxd5 41.
Bxd5 Nc7 42. Bg2 f6 43. Bg1 1-0

[Event "AUTO-ELITE-2519"]
[Site "http://www.queenalice.com/game.php?id=1829887"]
[Date "2024.1.22"]
[Round "1"]
[White "Sexxy_Bunny"]
[Black "DIVYA99"]
[Result "1/2-1/2"]
[WhiteElo "2716"]
[BlackElo "2450"]

1. e4 c5 2. Nf3 d6 3. d4 cxd4 4. Nxd4 Nf6 5. Nc3 a6 6. Be3 e5 7. Nb3 Be6 8. f3
h5 9. Qd2 Nbd7 10. Nd5 Bxd5 11. exd5 g6 12. Be2 Bg7 13. O-O b6 14. c4 O-O 15.
Rae1 Re8 16. Bf2 Qc7 17. Bd3 Kh7 18. a4 Bh6 19. Qd1 Kg7 20. Bh4 Nh7 21. Kh1 Nc5
22. Nxc5 bxc5 23. Re2 Bg5 24. Bxg5 Nxg5 25. Qe1 Qd8 26. b4 cxb4 27. Qxb4 Qf6 28.
Qe1 Qf4 29. h4 Nh7 30. Re4 Qh6 31. c5 Nf6 32. c6 Nxd5 33. g3 Qh8 34. f4 f5 35.
fxe5 fxe4 36. Qxe4 Ne7 37. exd6 Nf5 38. Qf4 Qg8 39. Bc4 Qf8 40. d7 Qc5 41.
dxe8=Q Rxe8 42. Bd3 Qxc6+ 43. Kg1 Qb6+ 44. Qf2 Qxf2+ 45. Kxf2 Rf8 46. Bxa6 Nxh4+
47. Ke1 Nf3+ 48. Kd1 Nd4 49. Rxf8 Kxf8 50. Bd3 g5 51. a5 Nc6 52. a6 Ke7 53. Ke2
Kd6 54. Ke3 Kc7 55. Be4 h4 56. gxh4 gxh4 57. Bxc6 Kxc6 58. Kf3 Kb6 1/2-1/2

[Event "AUTO-ELITE-2503"]
[Site "http://www.queenalice.com/game.php?id=1840563"]
[Date "2024.7.21"]
[Round "2"]
[White "Sexxy_Bunny"]
[Black "DIVYA99"]
[Result "1/2-1/2"]
[WhiteElo "2637"]
[BlackElo "2510"]

1. e4 c5 2. Nf3 d6 3. d4 cxd4 4. Nxd4 Nf6 5. Nc3 a6 6. Be3 e5 7. Nb3 Be6 8. f3
h5 9. Qd2 Nbd7 10. Nd5 Bxd5 11. exd5 g6 12. Be2 Bg7 13. O-O b6 14. c4 O-O 15.
Rae1 Re8 16. Bf2 Qc7 17. Bd3 a5 18. a4 Rac8 19. h3 Nh7 20. Re2 Qd8 21. Qd1 f5
22. Qe1 Bf6 23. h4 Bg7 24. Nc1 Nhf6 25. b3 Bh6 26. Bc2 Rb8 27. Na2 Nc5 28. Nc3
Rb7 29. Nb5 Na6 30. Kh1 Rf8 31. Rg1 Kh7 32. Bb1 Nc7 33. Na3 Na6 34. Nb5 Nc7 35.
Nc3 Na6 36. Nb5 1/2-1/2

[Event "AUTO-ELITE-2503"]
[Site "http://www.queenalice.com/game.php?id=1840564"]
[Date "2024.7.21"]
[Round "2"]
[White "DIVYA99"]
[Black "Sexxy_Bunny"]
[Result "1/2-1/2"]
[WhiteElo "2511"]
[BlackElo "2638"]

1. d4 Nf6 2. c4 e6 3. Nf3 d5 4. g3 Be7 5. Bg2 O-O 6. O-O dxc4 7. Qc2 a6 8. a4
Bd7 9. Qxc4 Bc6 10. Bf4 Bd6 11. Qc1 a5 12. Nc3 Na6 13. Bd2 Nb4 14. Qb1 Bxf3 15.
Bxf3 c6 16. Rd1 Qe7 17. Ne4 Nxe4 18. Bxe4 h6 19. Bf3 Rad8 20. h4 Bc7 21. e3 g6
22. h5 g5 23. Kg2 f5 24. Qc1 Nd5 25. Qc2 Kh8 26. Re1 Rf6 27. Qb3 Rb8 28. Rh1 Rf7
29. Rac1 Qd7 30. Kf1 Nf6 31. Bc3 Kg8 32. Qc2 Rbf8 33. Qb3 Rb8 34. Qc2 Nd5 35.
Bd2 Kh8 36. Qb3 Nf6 37. Qc2 Rbf8 38. Qb3 Ne4 39. Be1 Qd5 40. Qxb7 g4 41. Bxe4
fxe4 42. Qxc6 Qf5 43. d5 Qf3 44. Rh2 Bxg3 45. Rg2 Bxf2 46. Bxf2 Qh3 47. Kg1 Rxf2
48. Qc3+ Kh7 49. Rxf2 Rxf2 50. Qc7+ Kg8 51. Qc8+ Rf8 52. Qxe6+ Kh8 53. Qxh6+ Kg8
54. Qe6+ Kh8 55. Qh6+ 1/2-1/2

[Event "AUTO-ELITE-2513"]
[Site "http://www.queenalice.com/game.php?id=1846090"]
[Date "2024.10.23"]
[Round "2"]
[White "Sexxy_Bunny"]
[Black "DIVYA99"]
[Result "1/2-1/2"]
[WhiteElo "2699"]
[BlackElo "2520"]

1. e4 c5 2. Nf3 d6 3. d4 cxd4 4. Nxd4 Nf6 5. Nc3 a6 6. Be3 e5 7. Nb3 Be6 8. f3
h5 9. Qd2 Nbd7 10. Nd5 Bxd5 11. exd5 g6 12. Be2 Bg7 13. O-O b6 14. c4 O-O 15.
Rae1 Re8 16. Bf2 Qc7 17. Bd3 Rab8 18. Kh1 a5 19. Be2 Nc5 20. Nxc5 bxc5 21. Bd1
Nh7 22. Ba4 Rf8 23. Bb5 f5 24. a3 Nf6 25. b4 axb4 26. axb4 cxb4 27. Ra1 b3 28.
Qb2 e4 29. Qxb3 Kh7 30. Ra7 Rb7 31. Ra6 Rfb8 32. Qa3 Nxd5 33. Qxd6 Qxd6 34. Rxd6
Nc3 35. Re6 Nxb5 36. cxb5 Rxb5 37. fxe4 f4 38. h4 Re5 39. Rxe5 Bxe5 40. Kg1 Rb4
41. Rc1 Bf6 42. Rc7+ Kg8 43. Rc8+ Kf7 44. Rc7+ Ke6 45. Rc6+ Kf7 46. Rc7+ Ke6 47.
Rc6+ Ke5 48. g3 Rxe4 49. gxf4+ Rxf4 50. Kg2 Kd5 51. Ra6 Rg4+ 52. Kf3 Be5 53. Be1
Rf4+ 54. Kg2 Rg4+ 55. Kf3 Rf4+ 56. Kg2 Rg4+ 57. Kh3 Ke4 58. Bf2 Bf4 59. Ra3 Kf5
60. Ra5+ Be5 61. Rb5 Re4 62. Rb3 Rc4 63. Rb5 Rc3+ 64. Kg2 Rc2 65. Kf3 Rc3+ 66.
Kg2 Rc2 67. Ra5 Rb2 68. Kf3 Rb3+ 69. Ke2 Kf4 70. Ra4+ Kf5 71. Ra5 Kf4 72. Ra4+
Kf5 73. Ra5 1/2-1/2

[Event "AUTO-ELITE-2513"]
[Site "http://www.queenalice.com/game.php?id=1846091"]
[Date "2024.10.23"]
[Round "2"]
[White "DIVYA99"]
[Black "Sexxy_Bunny"]
[Result "1/2-1/2"]
[WhiteElo "2516"]
[BlackElo "2704"]

1. e4 c5 2. Nf3 d6 3. d4 cxd4 4. Nxd4 Nf6 5. Nc3 a6 6. h3 e5 7. Nb3 Be6 8. Be3
Be7 9. f4 exf4 10. Bxf4 O-O 11. Qf3 Nbd7 12. O-O-O Rc8 13. g4 h6 14. Kb1 Re8 15.
Be2 b5 16. Rhf1 Qb6 17. Nd5 Bxd5 18. exd5 Ne5 19. Qg2 Ng6 20. Bg3 Bd8 21. Bd3
Ne5 22. Bf5 Rc4 23. Bf4 Rxf4 24. Rxf4 Nc4 25. Qf3 Re3 26. Qf2 Rxh3 27. g5 hxg5
28. Bxh3 gxf4 29. Qxf4 g6 30. c3 Nh5 31. Qf3 Bf6 32. Bg4 Ne5 33. Qe4 Nxg4 34.
Qxg4 Qf2 35. Nd2 Be5 36. Nf3 Bf6 37. Ne1 Kg7 38. Qf3 Qg3 39. Kc2 Qh4 40. Nd3 Ng3
41. Re1 Nf5 42. Re4 Qh2+ 43. Re2 Qh4 44. Re4 Qh2+ 45. Re2 Qh4 46. Re4 1/2-1/2

[Event "AUTO-ELITE-2519"]
[Site "http://www.queenalice.com/game.php?id=1851139"]
[Date "2025.1.27"]
[Round "2"]
[White "acid"]
[Black "DIVYA99"]
[Result "1/2-1/2"]
[WhiteElo "2712"]
[BlackElo "2524"]

1. Nf3 d5 2. d4 Nf6 3. c4 e6 4. Nc3 Bb4 5. Qa4+ Nc6 6. e3 O-O 7. Bd2 dxc4 8.
Bxc4 Bd6 9. O-O e5 10. dxe5 Nxe5 11. Nxe5 Bxe5 12. Qc2 b6 13. f4 Bd6 14. Be2 Bc5
15. Bf3 Rb8 16. Rad1 Qe7 17. Rfe1 Bb7 18. Bxb7 Rxb7 19. g3 Rd8 20. Na4 Ne4 21.
Nxc5 Nxc5 22. Bb4 Rxd1 23. Qxd1 Rb8 24. Qc2 Rd8 1/2-1/2

[Event "AUTO-ELITE-2519"]
[Site "http://www.queenalice.com/game.php?id=1851140"]
[Date "2025.1.27"]
[Round "2"]
[White "DIVYA99"]
[Black "acid"]
[Result "1/2-1/2"]
[WhiteElo "2528"]
[BlackElo "2708"]

1. d4 Nf6 2. c4 e6 3. Nf3 d5 4. e3 Be7 5. b3 O-O 6. Bb2 c5 7. dxc5 dxc4 8. Bxc4
Qxd1+ 9. Kxd1 Ne4 10. Ke2 Nxc5 11. Rd1 Nc6 12. Kf1 Bd7 13. Nc3 Rfd8 14. Be2 a6
15. Rd2 Rac8 16. Rad1 Kf8 17. Ba3 Be8 18. Rxd8 Rxd8 19. Rxd8 Nxd8 20. Nd4 b5 21.
f4 Bd7 22. g3 Ke8 23. Nc2 Bc6 24. Ke1 Bb7 1/2-1/2

[Event "AUTO-ELITE-2480"]
[Site "http://www.queenalice.com/game.php?id=1864108"]
[Date "2025.10.11"]
[Round "3"]
[White "mikex"]
[Black "DIVYA99"]
[Result "0-1"]
[WhiteElo "2429"]
[BlackElo "2583"]

1. e4 c5 2. Nf3 d6 3. d4 cxd4 4. Nxd4 Nf6 5. Nc3 a6 6. Be3 e5 7. Nb3 Be6 8. f3
h5 9. Qd2 Nbd7 10. Nd5 Bxd5 11. exd5 g6 12. O-O-O Nb6 0-1

[Event "AUTO-ELITE-2480"]
[Site "http://www.queenalice.com/game.php?id=1864109"]
[Date "2025.10.11"]
[Round "3"]
[White "DIVYA99"]
[Black "mikex"]
[Result "1-0"]
[WhiteElo "2588"]
[BlackElo "2424"]

1. e4 c5 2. Nf3 d6 3. d4 cxd4 4. Nxd4 Nf6 5. Nc3 a6 6. Be3 e6 7. f3 b5 8. Qd2
Nbd7 9. g4 b4 10. Nce2 h6 11. O-O-O Qc7 12. h4 d5 13. Bh3 1-0

[Event "Let's Play Chess!"]
[Site "http://www.queenalice.com/game.php?id=1864771"]
[Date "2025.10.27"]
[Round "-"]
[White "SPIDERMAN99"]
[Black "DIVYA99"]
[Result "0-1"]
[WhiteElo "2517"]
[BlackElo "2576"]

1. e4 c5 2. Nf3 d6 3. d4 cxd4 4. Nxd4 Nf6 5. Nc3 a6 6. Be3 e5 7. Nb3 Be6 8. f3
h5 9. Qd2 Nbd7 10. Nd5 Bxd5 11. exd5 g6 0-1

[Event "Let's Play Chess!"]
[Site "http://www.queenalice.com/game.php?id=1864772"]
[Date "2025.10.27"]
[Round "-"]
[White "DIVYA99"]
[Black "SPIDERMAN99"]
[Result "1-0"]
[WhiteElo "2569"]
[BlackElo "2524"]

1. d4 Nf6 2. c4 e6 3. Nf3 d5 4. g3 Bb4+ 5. Bd2 Be7 6. Bg2 O-O 7. O-O c6 8. Qc2
Nbd7 9. Bf4 b6 10. Rd1 Bb7 11. Ne5 Rc8 12. Nc3 1-0

[Event "Let's Play Chess!"]
[Site "http://www.queenalice.com/game.php?id=1864774"]
[Date "2025.10.27"]
[Round "-"]
[White "DIVYA99"]
[Black "mikex"]
[Result "1-0"]
[WhiteElo "2593"]
[BlackElo "2419"]

1. d4 d5 2. c4 c6 3. Nf3 Nf6 4. Nc3 e6 5. e3 Nbd7 6. Qc2 Bd6 7. Bd3 O-O 8. O-O
dxc4 9. Bxc4 b5 10. Be2 Bb7 11. Rd1 1-0

[Event "Let's Play Chess!"]
[Site "http://www.queenalice.com/game.php?id=1864775"]
[Date "2025.10.27"]
[Round "-"]
[White "mikex"]
[Black "DIVYA99"]
[Result "0-1"]
[WhiteElo "2414"]
[BlackElo "2598"]

1. c4 e5 2. Nc3 Nf6 3. Nf3 Nc6 4. g3 d5 5. cxd5 Nxd5 6. Bg2 Nb6 7. O-O Be7 8. d3
O-O 9. Be3 Re8 10. Rc1 Bf8 0-1